Slavnosti na Karlo-Ferdinandově univerzitě v 17. století

Titel: Slavnosti na Karlo-Ferdinandově univerzitě v 17. století
Verfasser:
In: Slavnosti a zábavy na dvorech a v rezidenčních městech raného novověku, (2000), Seite 471-479
alle Artikel anzeigen
Veröffentlicht: 2000
Format: Aufsatz
Sprache: Tschechisch
Kein Bild verfügbar
X
alg: 39312560
001A    $01999:11-11-16 
001B    $01999:28-04-17 $t15:34:03.000 
001D    $01999:11-11-16 
001U    $0utf8 
001X    $00 
002@    $0Aox 
003@    $0393125602 
007A    $0393125602 $aHEB 
007T    $0Herdp19474 
010@    $acze 
011@    $a2000 
021A    $aSlavnosti na Karlo-Ferdinandově univerzitě v 17. století 
028A    $aČornejová $dIvana 
031A    $h471-479 $j2000 
037A    $aRés. něm. s. 479: Feierlichkeiten an der Karl-Ferdinand-Universität im 17. Jahrhundert 
039B    $aIn $8--Aau--. Slavnosti a zábavy na dvorech a v rezidenčních městech raného novověku. - Vyd. 1.. - České Budějovice, 2000. - 610 S.. - Ill.. - ISBN 80-7040-384-5 $x200000000000000529 $9092017436 

lok: 39312560 78

exp: 39312560 78 1 #EPN
201B/01 $026-11-17 $t01:56:33.000 
201U/01 $0utf8 
203@/01 $0789235935 
208@/01 $a11-11-16 $be 
209A/01 $a/ $f000 $x00 
220C/01 $aHerkunft: Hú Av Čr Praha 
244Z/01 $#Tschechien $#Tschechische Republik $#Tschechische Republik $#Tschechenland $#Tschechei Tschechien $#Česká Republika $#Czech Republic $#ČR $74303381-7 $8--Tg1--Tschechien $x01 $9086659812 
244Z/01 $2Trx $#Böhmen $#Bohemia $#Czechy $8--Trx--Čechy $x02 $9391188941 
244Z/01 $#Prag $#Hlavni Město Praha $#Hauptstadt Prag $#Prag Kraj $#Bezirk Prag $#Praha $#Prague $#Praga $#Praag $74076310-9 $8--Tg1--Prag $x03 $9085216283 
244Z/01 $aGeschichte 1620-1710 $x04 
244Z/01 $2Trx $#pidustused $#šventės $#Celebrations $#ünnepek $#uroczystości $#slávnosti, sviatky $#slavnosti $8--Trx--Feste $x05 $939136636X 
244Z/01 $2Trx $#ülikoolid $#universitetai $#universitāte $#Universities $#egyetemek $#uniwersytety $#univerzity $#univerzity $#Hochschulen $#vysoké školy $8--Trx--Universitäten $x06 $9391373862 
244Z/01 $2Trx $8--Trx--Einzelbeiträge $x07 $9391384570 
247C/01 $82080>Marburg/Lahn, Herder-Institut, Forschungsbibliothek, Bibliographieportal $9336309341
LEADER 00000caa a22000002c 4500
001 393125602
003 DE-603
005 20170428153403.0
007 tu
008 161111s2000 xx |||| | u00||u|cze c
035 |a (DE-599)HEB393125602 
040 |a DE-603  |b ger  |c DE-603  |d DE-603 
041 |a cze 
100 1 |a Čornejová, Ivana 
245 0 0 |a Slavnosti na Karlo-Ferdinandově univerzitě v 17. století 
264 0 |c 2000 
500 |a Rés. něm. s. 479: Feierlichkeiten an der Karl-Ferdinand-Universität im 17. Jahrhundert 
773 0 8 |i In  |t Slavnosti a zábavy na dvorech a v rezidenčních městech raného novověku  |b Vyd. 1.  |d České Budějovice, 2000  |h 610 S., Ill.  |z 8070403845  |g (2000), Seite 471-479  |w (DE-603)092017436 
924 0 |9 2080  |a (DE-603)789235935  |b DE-2080  |c HES  |d d  |g /